| 000 | 01065cam a2200289 a 4500 | ||
|---|---|---|---|
| 001 | 12357979 | ||
| 005 | 20260422095930.0 | ||
| 008 | 010326s2001 enka b 001 0 eng | ||
| 020 | _a0333949870 | ||
| 020 |
_a0333949862 _qpbk. |
||
| 020 | _a9780333949870 | ||
| 020 |
_a9780333949863 _q(pbk.) |
||
| 050 | 0 | 0 |
_aPE1369 _b.A2 2001 |
| 082 | 0 | 0 |
_a425 _221; aa05 04-03-01 |
| 100 | 1 |
_aAarts, Bas, _d1961- |
|
| 245 | 1 | 0 |
_aEnglish syntax and argumentation / _cBas Aarts. |
| 250 | _a2nd ed. | ||
| 260 |
_aHoundmills, Basingstoke, Hampshire ; _aNew York : _bPalgrave, _c2001. |
||
| 300 |
_axiii, 312 p. : _bill. ; _c24 cm. |
||
| 650 | 0 |
_aEnglish language _xSyntax. |
|
| 650 | 0 |
_aEnglish language _xSemantics. |
|
| 650 | 0 | _aPersuasion (Rhetoric) | |
| 856 | 4 | 2 |
_3Contributor biographical information _uhttp://www.loc.gov/catdir/bios/hol058/2001021749.html |
| 856 | 4 | 2 |
_3Publisher description _uhttp://www.loc.gov/catdir/description/hol051/2001021749.html |
| 856 | 4 | 1 |
_3Table of contents _uhttp://www.loc.gov/catdir/toc/hol051/2001021749.html |
| 942 |
_2lcc _cBK _e2nd Ed. _n0 |
||
| 999 |
_c9387 _d9387 |
||